000 00606nam a22002297a 4500
003 UA-OsUOA
001 87784
007 ta
008 20120925b un ||||| |||| 00| 0 ukr d
100 _aБурлака Ф.
090 _a821.161.2
_bБ91
942 _cBK
040 _aUA-OsUOA
_bukr
_cUA-OsUOA
_dUA-OsUOA
245 _aОстап Вересай
_bповість
300 _a223 с.
955 _a3
041 _aukr
080 _a821.161.2
260 _aК.
_bДержвидхудліт
_c1959
650 7 _a82 Література. Літературознавство
_2UDC
999 _c374085
_d374085